| 000 | 00342cam a2200145ua 4500 | ||
|---|---|---|---|
| 003 | OSt | ||
| 008 | 221104b |||||||| |||| 00| 0 eng d | ||
| 041 | _amal | ||
| 082 |
_a320.58 _bKUN/GA |
||
| 100 |
_aKunjunni Menon, K K . _95292 |
||
| 245 | _aGandhi devan / | ||
| 260 |
_a : _bK K Kunjunni Menon , _c1951. |
||
| 300 | _a76 ; . | ||
| 942 | _cBK | ||
| 999 |
_c5984 _d5984 |
||